Statistics for Los Angeles Metro Rail Stations

Click here to take the quiz!

General Stats

  • This quiz has been taken 42 times
  • The average score is 39 of 93

Answer Stats

Station % Correct
Aviation/LAX
100%
Downtown Long Beach
100%
Long Beach Boulevard
100%
Union Station
92%
Downtown Santa Monica
92%
Compton
85%
7th Street/Metro Center
77%
Chinatown
77%
Culver City
69%
North Hollywood
69%
Exposition Park/USC
69%
Jefferson/USC
69%
Little Tokyo/Arts District
62%
Wilshire/Western
62%
Pico
62%
Azusa Downtown
62%
Redondo Beach
54%
Norwalk
54%
Grand/LATTC
54%
Slauson
54%
Westwood/Rancho Park
54%
LATTC/Ortho Institute
54%
Civic Center/Grand Park
54%
Universal City/Studio City
54%
Vermont/Sunset
54%
Crenshaw
46%
Wilshire/Vermont
46%
17th Street/SMC
46%
Willowbrook/Rosa Parks
46%
103rd Street/Watts Towers
46%
Mariachi Plaza
46%
Washington
46%
Lake
46%
APU/Citrus College
46%
Hollywood/Vine
46%
Expo/Western
38%
Expo/Sepulveda
38%
Harbor Freeway
38%
Hollywood/Western
38%
Hawthorne/Lennox
38%
El Segundo
38%
La Cienega/Jefferson
38%
Vernon
38%
5th Street
38%
1st Street
38%
Wilshire/Normandie
38%
Pershing Square
38%
Expo/Crenshaw
38%
Westlake/MacArthur Park
38%
South Pasadena
38%
Del Mar
38%
Sierra Madre Villa
38%
Arcadia
38%
Duarte/City of Hope
31%
Lincoln/Cypress
31%
Pacific Avenue
31%
Anaheim Street
31%
Pacific Coast Highway
31%
Willow Street
31%
Artesia
31%
Vermont/Beverly
31%
Farmdale
31%
Monrovia
31%
Pico/Aliso
31%
Hollywood/Highland
31%
Lakewood Boulevard
31%
Soto
31%
Irwindale
31%
Expo/Vermont
31%
Firestone
23%
Florence
23%
Southwest Museum
23%
Heritage Square
23%
26th Street/Bergamot
23%
Highland Park
23%
Atlantic
23%
Fillmore
23%
Vermont/Santa Monica
23%
Indiana
23%
San Pedro Street
23%
Memorial Park
23%
Allen
23%
Expo/La Brea
23%
Avalon
23%
East LA Civic Center
23%
Palms
15%
Vermont/Athens
15%
Wardlow
15%
Del Amo
15%
Expo/Bundy
15%
Maravilla
15%
Mariposa
15%
Douglas
15%

Score Distribution

Percentile by Number Answered

Percent of People with Each Score

Your Score History

You have not taken this quiz